00634 2200241 4500001002100000005001700021008004100038035002400079082001100103090001800114100002200132245008500154250001100239260002900250300001900279500001100298650002300309700001100332850001500343980001300358985000600371999001500377YOGYA-0209000000851120090227021122.0 ind  0010-020900000008511 a297.43 a297.43bJaw D aJAWAS, Abdullah A aDilema wanita karier menuju keluarga sakinahcAbdullah A. Djawas; Editor, Asmawi aCet. 1 aYogyakartabAbabilc2996 a150 hlmc22 cm aIndeks aWanita dalam Islam aAsmawi aYOPDYOG(B) a05-05-10 a1 a97P0094957